Udržitelné podnikání: silné hodnoty v centru pozornosti

Princípy udržateľnosti podnikania v Českej republike. Index udržateľnosti.

Gespeichert in:
Bibliographische Detailangaben
Format: Buchkapitel
Sprache:Tschechisch
Schlagworte:
Tags: Tag hinzufügen
Keine Tags, Fügen Sie das erste Tag hinzu!

MARC

LEADER 00000naa a2200000 4500
001 0241591
005 20180328070253.0
041 0 |a cze 
044 |a CZ 
245 1 0 |a Udržitelné podnikání: silné hodnoty v centru pozornosti 
520 |a Princípy udržateľnosti podnikania v Českej republike. Index udržateľnosti. 
610 2 0 |a podnikanie 
610 2 0 |a Česko 
610 2 0 |a indexy 
610 2 0 |a rozvoj trvalo udržateľný 
610 2 0 |a firmy 
610 2 0 |a stratégia podnikateľská